Statistics for African countries by population

Click here to take the quiz!

General Stats

  • This quiz has been taken 49 times
  • The average score is 44 of 58

Answer Stats

PopulationCountry% Correct
101,185,453EEgypt
100%
113,258,493EEthiopia
100%
203,080,212NNigeria
100%
58,711,582SSouth Africa
100%
58,866,293TTanzania
100%
43,380,060AAlgeria
97%
32,250,136AAngola
97%
44,870,009UUganda
97%
53,064,018KKenya
95%
30,686,069GGhana
92%
18,074,657ZZambia
92%
14,734,676ZZimbabwe
92%
36,651,921MMorocco
89%
30,729,327MMozambique
89%
23,675,762NNiger
89%
43,237,092SSudan
89%
12,759,965RRwanda
86%
858,548CComoros
84%
87,921,637DDRC
84%
3,517,348EEritrea
84%
11,745,610TTunisia
84%
12,918,989GGuinea
78%
27,264,355MMadagascar
78%
19,900,143MMali
78%
216,737SSão Tomé and Príncipe
78%
8,162,699TTogo
78%
16,142,512CChad
76%
979,484DDjibouti
76%
1,940,182GGuinea-Bissau
76%
2,132,248LLesotho
76%
18,833,641MMalawi
76%
16,479,300SSenegal
76%
97,989SSeychelles
76%
20,559,139BBurkina Faso
73%
11,677,650BBurundi
73%
26,150,146CCameroon
73%
1,375,157EEquatorial Guinea
73%
7,880,280SSierra Leone
73%
11,166,151SSouth Sudan
73%
2,375,878GGambia
70%
4,986,593LLiberia
70%
6,815,960LLibya
70%
2,513,534NNamibia
70%
11,932,792BBenin
68%
2,323,326BBotswana
68%
25,987,151CCôte d'Ivoire
68%
1,270,533MMauritius
65%
4,576,366MMauritania
62%
15,626,877SSomalia
62%
4,779,854CCentral African Republic
59%
1,153,073EEswatini
59%
5,436,773C(R.) Congo
57%
2,194,325GGabon
54%
588,547WWestern Sahara
46%
891,552RRéunion
43%
522,421CCabo Verde
38%
6,066SSt. Helena
19%
268,876MMayotte
11%

Score Distribution

Percentile by Number Answered

Percent of People with Each Score

Your Score History

You have not taken this quiz